151 बोध कथाएं : (Record no. 113976)

MARC details
000 -LEADER
fixed length control field 01258nam a22002417a 4500
005 - DATE AND TIME OF LATEST TRANSACTION
control field 20201223123112.0
010 ## - LCCN (DPL NO)
LC control number B-202098 B-202129
020 ## - INTERNATIONAL STANDARD BOOK NUMBER
Terms of availability 200.00
International Standard Book Number 8188099740
035 ## - SYSTEM CONTROL NUMBER
System control number B-202098, B-202102 B-202129, B-202124, B-202143
037 ## - SOURCE OF ACQUISITION
Source of stock number/acquisition Cen Lib/Ret
082 ## - DEWEY DECIMAL CLASSIFICATION NUMBER
Classification number
Item number एकसो
245 ## - TITLE STATEMENT
Title 151 बोध कथाएं :
Statement of responsibility, etc संकलन एवं संपादन गंगा प्रसाद शर्मा
Remainder of title मनोरंजन, शिक्षाप्रद और सुरुचुपूर्ण संकलन /
246 ## - VARYING FORM OF TITLE
Title proper/short title 151 bodh kathayen: manoranjan shisshprad or sooruchpoornr sankalan /
Remainder of title by sankalan evam sampadan Ganga Prasad Sharma
260 ## - PUBLICATION, DISTRIBUTION, ETC. (IMPRINT)
Name of publisher, distributor, etc अनु प्रकाशन
Place of publication, distribution, etc जयपुर
Date of publication, distribution, etc 2006
270 ## - ADDRESS
City जयपुर
Address 958, धामाणी मार्किट की गली चौड़ा रास्ता
300 ## - PHYSICAL DESCRIPTION
Extent 160पृ.
Dimensions 20सेमी(सजिल्द )
650 ## - SUBJECT ADDED ENTRY--TOPICAL TERM
Topical term or geographic name as entry element हिंदी साहित्य
General subdivision
Geographic subdivision
650 ## - SUBJECT ADDED ENTRY--TOPICAL TERM
Topical term or geographic name as entry element हिंदी कहानियां
650 ## - SUBJECT ADDED ENTRY--TOPICAL TERM
Topical term or geographic name as entry element Hindi literature
650 ## - SUBJECT ADDED ENTRY--TOPICAL TERM
Topical term or geographic name as entry element Hindi stories
700 ## - ADDED ENTRY--PERSONAL NAME
Personal name शर्मा, गंगा प्रसाद
9 (RLIN) 58587
942 ## - ADDED ENTRY ELEMENTS (KOHA)
Source of classification or shelving scheme Dewey Decimal Classification
Item type Hindi Books
Classification part
Call number suffix एकसो
Holdings
Withdrawn status Lost status Not for loan Home library Current library Date acquired Source of acquisition Cost, normal purchase price Full call number Barcode Copy number Cost, replacement price Koha item type Collection code
      Central Library Central Library 13/08/2015 Cen Lib/Ret 200.00 क एकसो B-202098 1 200.00 Hindi Books  
      Patel Nagar Patel Nagar 03/10/2018 BPPD/PUB 200.00 क एकसो B-202102   200.00 Hindi Books Fiction
      R.C.Libraries (BL-IV) R.C.Libraries (BL-IV) 23/12/2020 BPPD/PUB 200.00 क एकसो B-202143   200.00 Hindi Books Non-fiction
      R.C.Libraries (zls) R.C.Libraries (zls) 31/10/2018   200.00 क एकसो B-202129   200.00 Hindi Books Fiction
      Sarojini Nagar Sarojini Nagar 10/04/2023     क एकसो B-202115   200.00 Hindi Books Fiction
      Shahdara Branch Shahdara Branch 14/01/2019 BPPD/PUB 200.00 क एकसो B-202124   200.00 Hindi Books Non-fiction
      Yojana Vihar Yojana Vihar 05/10/2019 BPPD/PUB 200.00 क एकसो B-202125   200.00 Hindi Books Fiction

© Delhi Public Library
Hit Counter
free hit counter